00936cam a22002291i 450000100100000000500170001000800410002704000250006808200150009310000270010824501220013526000310025730000210028850000730030950400320038259000260041465000440044065000470048470000450053195201130057699900170068900001387620200929163401.0840918s1945 mx r 000 0 spa  aDO-SdBNPbspacBNPHU axxxxbxxxx1 aTrasbot, Andre.93142913aEl acto de administración en derecho privado francés /cAndre Trasbot ; traducción de Francisco Porrua Pérez. aMéxico :bPorrua,c1945. a252 p. ;c21 cm. aIncluye referencias bibliográficas y notas al pie de las páginas aBibliografía : p. 243-246 aInventariado, 2019/BT 4aFideicomisos y sindicoszFrancia931430 4aAlbaceas y administradoreszFrancia93143112aPorrua Pérez, Francisco,etrad.931432 001050718MOaGRbGRcHDd2009-11-30iLF1l0oxxxx xxxxp13876-10r2020-06-25w2020-06-25y1ZNo se presta c13482d13482